Informačný systém katedry : Diplomová práca

Salvato in:
Dettagli Bibliografici
Autore principale: Štefunko, Peter (Autore)
Altri autori: Mišút, Martin (xxx)
Natura: Manoscritto Libro
Lingua:slovacco
Pubblicazione: Trnava : STU v Bratislave MtF KAIA, 1995
Soggetti:
Tags: Aggiungi Tag
Nessun Tag, puoi essere il primo ad aggiungerne!!

MARC

LEADER 00000ntm a22000003a 4500
001 stu61316
005 20160719155117.9
008 010925s1995----xo------------------slo-d
040 |a STU  |b slo 
041 0 |a slo 
044 |a xo 
100 1 |a Štefunko, Peter  |4 aut 
245 1 |a Informačný systém katedry :  |b Diplomová práca 
260 |a Trnava :  |b STU v Bratislave MtF KAIA,  |c 1995 
300 |a 59 s 
650 7 |a systémy informačné  |2 stusub 
650 7 |a aplikovaná informatika a automatizácia v priemysle  |2 stusub 
700 1 |a Mišút, Martin  |4 xxx  |u M  |T MTF Materiálovotechnologická fakulta  |U M  |Y 60